Catálogo
 En Linea

En serio y en broma/ (Registro nro. 56389)

Detalles MARC
000 -CABECERA
campo de control de longitud fija 00917nam a2200253 i 4500
003 - IDENTIFICADOR DEL NÚMERO DE CONTROL
campo de control DO-SdBNP
005 - FECHA Y HORA DE LA ÚLTIMA TRANSACCIÓN
campo de control 20240412154820.0
006 - CÓDIGOS DE INFORMACIÓN DE LONGITUD FIJA--CARACTERÍSTICAS DEL MATERIAL ADICIONAL
campo de control de longitud fija a||||er|||| 00| 0
007 - CAMPO FIJO DE DESCRIPCIÓN FÍSICA--INFORMACIÓN GENERAL
campo de control de longitud fija ta
008 - DATOS DE LONGITUD FIJA--INFORMACIÓN GENERAL
campo de control de longitud fija 240412e1976 dr ac||| |||| 00| p spa d
040 ## - FUENTE DE LA CATALOGACIÓN
Centro catalogador/agencia de origen DO-SdBNP
Lengua de catalogación spa
Centro/agencia transcriptor BNPHU
Normas de descripción rda
082 #4 - NÚMERO DE LA CLASIFICACIÓN DECIMAL DEWEY
Número de edición 22
Número de documento/Ítem U39e
100 ## - ENTRADA PRINCIPAL--NOMBRE DE PERSONA
Nombre de persona Franco, José Ulises,
Fechas asociadas al nombre 1909-1997
9 (RLIN) 28996
Término indicativo de función/relación autor
245 10 - MENCIÓN DE TÍTULO
Título En serio y en broma/
Mención de responsabilidad, etc. José Ulises Franco; portada, Piro Valerio
246 14 - FORMA VARIANTE DE TÍTULO
Título propio/Titulo breve En serio y en broma:
Resto del título (los poemas del amor, el recuerdo y el folklore).
264 ## - PRODUCCIÓN, PUBLICACIÓN, DISTRIBUCIÓN, FABRICACIÓN Y COPYRIGHT
Producción, publicación, distribución, fabricación y copyright [Santiago de los Caballeros, República Dominicana] :
Nombre del de productor, editor, distribuidor, fabricante Offset Cibao, S. A.
Fecha de producción, publicación, distribución, fabricación o copyright 1976
300 ## - DESCRIPCIÓN FÍSICA
Extensión 255 páginas completadas :
Otras características físicas Ilustraciones, retratos ;
Dimensiones 21 cm.
336 ## - TIPO DE CONTENIDO
Fuente rdacontent
Término de tipo de contenido texto
Código de tipo de contenido txt
337 ## - TIPO DE MEDIO
Fuente rdamedia
Nombre/término del tipo de medio sin mediación
Código del tipo de medio n
338 ## - TIPO DE SOPORTE
Fuente rdacarrier
Nombre/término del tipo de soporte volumen
Código del tipo de soporte nc
590 ## - NOTA LOCAL (RLIN)
Nota local Inventariado 2024 / MF
700 1# - PUNTO DE ACCESO ADICIONAL--NOMBRE DE PERSONA
Nombre de persona Valerio, Piro
Término indicativo de función/relación caricaturas
9 (RLIN) 85230
942 ## - ELEMENTOS DE PUNTO DE ACCESO ADICIONAL (KOHA)
Fuente del sistema de clasificación o colocación Dewey Decimal Classification
Tipo de ítem Koha Libro
Existencias
Estado de retiro Estado de pérdida Fuente del sistema de clasificación o colocación Restricciones de uso No para préstamo Código de colección Localización permanente Ubicación/localización actual Ubicación en estantería Fecha de adquisición Fuente de adquisición Total de préstamos Signatura topográfica completa Código de barras Fecha visto por última vez Precio válido a partir de Tipo de ítem Koha Nota pública
    Dewey Decimal Classification Excluido de préstamo   Patrimonio Dominicano Biblioteca Nacional Pedro Henríquez Ureña Biblioteca Nacional Pedro Henríquez Ureña En catalogación 13.10.2023 Pertenció a la biblioteca de Jorge Tena Reyes   U39e 2024-2204 12.04.2024 12.04.2024 Libro Ejemplar autografiado por el autor

Con tecnología Koha